[Event "6th EUR-ch (w)"]
[Site "Chisinau MDA"]
[Date "2005.06.11"]
[Round "1"]
[White "Jackova, Jana"]
[Black "Lematschko, Tatjana"]
[Result "1/2-1/2"]
[WhiteElo "2406"]
[BlackElo "2231"]
[EventDate "2005.06.10"]
[PlyCount "93"]

1.e4 g6 2.d4 Bg7 3.Nf3 c6 4.Bd3 d5 5.e5 Nh6 6.Bf4 f6 7.h3 O-O 8.O-O Qb6 9.
exf6 exf6 10.Qc1 Nf7 11.Re1 Qd8 12.Nbd2 Re8 13.Rxe8+ Qxe8 14.c4 Be6 15.c5 
Nd7 16.Rb1 Bh6 17.Nf1 Bxf4 18.Qxf4 Qb8 19.Qh4 Kg7 20.N3h2 Nf8 21.f4 g5 22.
fxg5 fxg5 23.Qf2 Qf4 24.Ng3 Qxf2+ 25.Kxf2 Ng6 26.Nf5+ Bxf5 27.Bxf5 Re8 28.
g3 Nh6 29.Bd3 Rf8+ 30.Kg2 Ne7 31.Re1 Nef5 32.Bxf5 Nxf5 33.Nf3 Kf6 34.g4 
Ng7 35.Ne5 Re8 36.Rf1+ Ke6 37.Nf7 h6 38.Nxh6 Kd7 39.Kg3 Re3+ 40.Rf3 Rxf3+ 
41.Kxf3 Ke6 42.Kg3 Kf6 43.h4 gxh4+ 44.Kxh4 Kg6 45.Ng8 Kf7 46.Nh6+ Kg6 47.
Ng8 1/2-1/2

[Event "6th EUR-ch (w)"]
[Site "Chisinau MDA"]
[Date "2005.06.11"]
[Round "1"]
[White "Cherednichenko, Svetlana"]
[Black "Dembo, Yelena"]
[Result "0-1"]
[WhiteElo "2230"]
[BlackElo "2402"]
[EventDate "2005.06.10"]
[PlyCount "106"]

1.d4 Nf6 2.c4 g6 3.Nc3 Bg7 4.e4 d6 5.Nf3 O-O 6.Be2 e5 7.O-O Nc6 8.d5 Ne7 
9.Ne1 Nd7 10.Nd3 f5 11.Bd2 c5 12.Rb1 Nf6 13.f3 f4 14.b4 cxb4 15.Rxb4 b6 
16.a4 g5 17.a5 bxa5 18.Ra4 Bd7 19.Ra3 Qb6+ 20.Kh1 Nh5 21.Be1 Rf6 22.Bf2 
Qd8 23.Qa1 Rh6 24.Kg1 Qe8 25.Rxa5 Nf6 26.g4 fxg3 27.Bxg3 Nh5 28.Kf2 Nxg3 
29.hxg3 Rh2+ 30.Ke1 Qb8 31.Kd2 g4 32.Rh1 Rxh1 33.Qxh1 gxf3 34.Bxf3 Qc7 35.
Qa1 Bh6+ 36.Kc2 Be3 37.Qa2 Kh8 38.Nb5 Bxb5 39.Rxb5 Rg8 40.g4 Rc8 41.Rb4 
Ng6 42.Qb3 Bb6 43.Be2 Qf7 44.Qb2 Nf4 45.Nxe5 dxe5 46.Qxe5+ Kg8 47.Qg5+ Ng6
48.Rb3 Qf2 49.Qd2 Nf4 50.Kd1 Ba5 51.Qxa5 Qxe2+ 52.Kc1 Qxc4+ 53.Kb2 Qc1+ 
0-1

[Event "6th EUR-ch (w)"]
[Site "Chisinau MDA"]
[Date "2005.06.11"]
[Round "1"]
[White "Mkrtchian, Lilit"]
[Black "Koskoska, Gabriela"]
[Result "1-0"]
[WhiteElo "2400"]
[BlackElo "2230"]
[EventDate "2005.06.10"]
[PlyCount "89"]

1.Nf3 d6 2.e4 Nf6 3.Nc3 e5 4.d4 Nbd7 5.Bc4 Be7 6.O-O O-O 7.a4 c6 8.Qe2 Qc7
9.Rd1 Nb6 10.h3 Nxc4 11.Qxc4 Be6 12.d5 Bd7 13.Bg5 c5 14.Nxe5 dxe5 15.d6 
Be6 16.Qxe6 fxe6 17.dxc7 Rac8 18.Bxf6 Bxf6 19.Rd7 Rf7 20.Rxf7 Kxf7 21.Nb5 
Be7 22.Nxa7 Rxc7 23.Rd1 c4 24.Nb5 Rc6 25.Rd7 b6 26.Kf1 Kf6 27.Ke2 Bc5 28.
Na7 Rd6 29.Rxd6 Bxd6 30.Nc6 Kg5 31.Kf3 Kf6 32.a5 bxa5 33.Nxa5 c3 34.bxc3 
Ke7 35.Ke2 Bc7 36.Nb3 Kd6 37.Kd3 Bb6 38.f3 Bf2 39.Kc4 Be1 40.Nc1 h5 41.Nd3
Bd2 42.Kb4 g6 43.Kc4 Bh6 44.Kb5 Bg7 45.Kb6 1-0

[Event "6th EUR-ch (w)"]
[Site "Chisinau MDA"]
[Date "2005.06.11"]
[Round "1"]
[White "Burtasova, Anna"]
[Black "Korbut, Ekaterina"]
[Result "1-0"]
[WhiteElo "2223"]
[BlackElo "2399"]
[EventDate "2005.06.10"]
[PlyCount "123"]

1.e4 c5 2.c3 Nf6 3.e5 Nd5 4.d4 cxd4 5.Nf3 e6 6.cxd4 b6 7.Bd3 Ba6 8.O-O Be7
9.Nc3 Nxc3 10.bxc3 Bxd3 11.Qxd3 d5 12.exd6 Qxd6 13.Ba3 Qxa3 14.Qe4 O-O 15.
Qxa8 Qa6 16.a4 Rc8 17.Qe4 Nd7 18.Rfc1 Nf6 19.Qb1 Nd5 20.c4 Rxc4 21.Qb5 
Qxb5 22.axb5 Rxc1+ 23.Rxc1 f6 24.g3 Bb4 25.Rc8+ Kf7 26.Ra8 g5 27.Rxa7+ Kg6
28.Kf1 h5 29.h4 g4 30.Ng1 e5 31.Ne2 exd4 32.Nxd4 Nc3 33.Rc7 Ne4 34.Ne6 Kf5
35.Rc6 Bd6 36.Ng7+ Kg6 37.Ne6 Kf5 38.Nd4+ Ke5 39.Ne2 Bc5 40.Nf4 Bd4 41.
Nd3+ Kf5 42.Rc8 Nc3 43.Nf4 Nxb5 44.Nxh5 Be5 45.Ng7+ Kg6 46.Ne6 Nd6 47.Rc6 
Kf7 48.Nf4 Bxf4 49.gxf4 Nf5 50.h5 b5 51.Rc5 Nd4 52.Rd5 Ne6 53.Rxb5 Nxf4 
54.Rb7+ Kg8 55.h6 Kh8 56.Rb4 Nh5 57.Rb5 Nf4 58.Rf5 Ng6 59.Rxf6 Kh7 60.Kg2 
Kxh6 61.Kg3 Kg5 62.Rxg6+ 1-0

[Event "6th EUR-ch (w)"]
[Site "Chisinau MDA"]
[Date "2005.06.11"]
[Round "1"]
[White "Zayats, Elena"]
[Black "Mamedyarova, Turkan"]
[Result "1/2-1/2"]
[WhiteElo "2398"]
[BlackElo "2221"]
[EventDate "2005.06.10"]
[PlyCount "55"]

1.d4 d5 2.c4 e6 3.Nc3 c5 4.cxd5 exd5 5.Nf3 Nc6 6.g3 Nf6 7.Bg2 Be7 8.O-O 
O-O 9.Bg5 cxd4 10.Nxd4 Qb6 11.Be3 Qxb2 12.Nxd5 Nxd5 13.Bxd5 Nxd4 14.Bxd4 
Qb5 15.Qb3 Qxb3 16.axb3 Rd8 17.e4 Be6 18.Rxa7 Rxa7 19.Bxa7 Bxd5 20.exd5 
Rxd5 21.Rc1 b5 22.Rc8+ Rd8 23.Rc7 Kf8 24.Kf1 Ke8 25.Bc5 Rd7 26.Rc8+ Rd8 
27.Rc7 Rd7 28.Rc8+ 1/2-1/2

[Event "6th EUR-ch (w)"]
[Site "Chisinau MDA"]
[Date "2005.06.11"]
[Round "1"]
[White "Srebrnic, Ana"]
[Black "Lomineishvili, Maia"]
[Result "1/2-1/2"]
[WhiteElo "2221"]
[BlackElo "2396"]
[EventDate "2005.06.10"]
[PlyCount "138"]

1.Nf3 Nf6 2.c4 e6 3.Nc3 d5 4.d4 Bb4 5.cxd5 exd5 6.Bg5 O-O 7.e3 c5 8.Bd3 c4
9.Bc2 h6 10.Bh4 Nbd7 11.O-O Qa5 12.Rc1 Bxc3 13.bxc3 Qxa2 14.Ne5 Qa3 15.f4 
Qd6 16.g4 b5 17.Rb1 a6 18.Qf3 Bb7 19.g5 hxg5 20.Bxg5 Ne4 21.Bxe4 dxe4 22.
Qg4 Bc8 23.Qg2 Nxe5 24.dxe5 Qg6 25.Rbd1 Qh5 26.Rfe1 Ra7 27.Rd6 Qg4 28.Ra1 
Qxg2+ 29.Kxg2 Re8 30.Kf2 Kh7 31.Rd4 Bf5 32.Bd8 Re6 33.Rd6 Ra8 34.Rxe6 Bxe6
35.Bb6 f6 36.exf6 gxf6 37.Ba5 Kg6 38.Rd1 Rh8 39.Rg1+ Kf7 40.Kg2 Bg4 41.Kg3
Bf3 42.h4 Rh5 43.Bb6 Rh8 44.Ra1 Ra8 45.Ra2 Ke6 46.Kf2 Kf5 47.Ra1 Bh5 48.
Kg3 Rg8+ 49.Kf2 Bf3 50.Rg1 Rh8 51.Kg3 Rh7 52.Ra1 Rg7+ 53.Kh3 Bg4+ 54.Kh2 
Rd7 55.Bd4 Rd6 56.Kg3 Bf3 57.Bc5 Rc6 58.Bb4 Be2 59.Ra2 Bd3 60.h5 Rc7 61.
Rxa6 Rg7+ 62.Kf2 Rh7 63.Rb6 Kg4 64.Rxb5 f5 65.Rb8 Ra7 66.Rg8+ Kxh5 67.Kg3 
Ra1 68.Rg5+ Kh6 69.Rxf5 Rg1+ 1/2-1/2

[Event "6th EUR-ch (w)"]
[Site "Chisinau MDA"]
[Date "2005.06.11"]
[Round "1"]
[White "Vasylevich, Tatiana"]
[Black "Tsoganova, Monika"]
[Result "1/2-1/2"]
[WhiteElo "2395"]
[BlackElo "2211"]
[EventDate "2005.06.10"]
[PlyCount "47"]

1.d4 Nf6 2.c4 e6 3.Nc3 Bb4 4.e3 O-O 5.Bd3 d5 6.Nf3 c5 7.O-O dxc4 8.Bxc4 
Nbd7 9.Qe2 b6 10.Rd1 cxd4 11.exd4 Bxc3 12.bxc3 Bb7 13.Bd3 Rc8 14.c4 Qc7 
15.Bg5 h6 16.Bd2 Rfd8 17.Rac1 Qd6 18.h3 Bxf3 19.Qxf3 Qxd4 20.Be3 Qe5 21.
Bd4 Qg5 22.Qb7 Nc5 23.Bxc5 Qxc5 24.Qxa7 1/2-1/2

[Event "6th EUR-ch (w)"]
[Site "Chisinau MDA"]
[Date "2005.06.11"]
[Round "1"]
[White "Alexanian, Nelli"]
[Black "Peng Zhaoqin"]
[Result "1-0"]
[WhiteElo "2211"]
[BlackElo "2392"]
[EventDate "2005.06.10"]
[PlyCount "87"]

1.d4 Nf6 2.c4 e6 3.Nf3 b6 4.Nc3 Bb7 5.Bg5 Be7 6.e3 O-O 7.Bd3 h6 8.Bh4 c5 
9.O-O cxd4 10.exd4 Bxf3 11.Qxf3 Nc6 12.d5 exd5 13.Bxf6 Bxf6 14.cxd5 Ne5 
15.Qh3 d6 16.Rac1 a6 17.b3 Re8 18.Ne4 b5 19.Bb1 Ng6 20.f4 Qe7 21.Rc6 Red8 
22.Qg4 Nf8 23.Rfc1 Ra7 24.h3 Bb2 25.Rd1 b4 26.Rd2 Ba1 27.Kh2 a5 28.Re2 g6 
29.Nxd6 Qd7 30.Nc8 Qxg4 31.hxg4 Rad7 32.Bd3 Kg7 33.Bc4 Nh7 34.d6 Nf6 35.
Kg3 g5 36.Ne7 gxf4+ 37.Kxf4 Ne8 38.Nf5+ Kf8 39.Re7 Bf6 40.Rxd7 Rxd7 41.Ke3
Bd8 42.Bb5 Ng7 43.Ra6 Rb7 44.Ra8 1-0

[Event "6th EUR-ch (w)"]
[Site "Chisinau MDA"]
[Date "2005.06.11"]
[Round "1"]
[White "Repkova, Eva"]
[Black "Foisor, Sabina-Francesca"]
[Result "1-0"]
[WhiteElo "2392"]
[BlackElo "2210"]
[EventDate "2005.06.10"]
[PlyCount "79"]

1.e4 g6 2.d4 c6 3.h4 d5 4.e5 h5 5.c4 Nh6 6.Nc3 Bg7 7.Nf3 O-O 8.Be3 b6 9.
cxd5 cxd5 10.Qb3 Be6 11.Bd3 Nc6 12.Ng5 Na5 13.Qb5 a6 14.Nxe6 fxe6 15.Qa4 
Nf5 16.Ne2 b5 17.Qb4 Nc4 18.Bg5 Kf7 19.Bxf5 gxf5 20.b3 a5 21.Qc3 Na3 22.
O-O Rc8 23.Qf3 Rh8 24.Rac1 b4 25.Rxc8 Qxc8 26.Rc1 Qd7 27.Rc5 Nb5 28.Qd3 
Rb8 29.Nf4 a4 30.Rxd5 Qc6 31.Rc5 Qe4 32.Qxe4 fxe4 33.bxa4 Nxd4 34.Nxh5 b3 
35.axb3 Nxb3 36.Rc7 Bxe5 37.Rxe7+ Kg6 38.Rxe6+ Kf5 39.Rxe5+ Kxe5 40.Bf4+ 
1-0

[Event "6th EUR-ch (w)"]
[Site "Chisinau MDA"]
[Date "2005.06.11"]
[Round "1"]
[White "Vajda, Szidonia"]
[Black "Sirotkina, Nina"]
[Result "1/2-1/2"]
[WhiteElo "2391"]
[BlackElo "2206"]
[EventDate "2005.06.10"]
[PlyCount "124"]

1.e4 d6 2.d4 Nf6 3.Nc3 g6 4.g3 Bg7 5.Bg2 O-O 6.Nge2 e5 7.h3 Nc6 8.Be3 exd4
9.Nxd4 Bd7 10.O-O Re8 11.Re1 a6 12.f4 Nxd4 13.Bxd4 Bc6 14.Qd2 Nd7 15.Rad1 
Nf8 16.Bxg7 Kxg7 17.Qd4+ Qf6 18.e5 dxe5 19.fxe5 Qe6 20.Nd5 Bxd5 21.Bxd5 
Qxh3 22.e6+ f6 23.e7 Qxg3+ 24.Bg2 h5 25.exf8=Q+ Rxf8 26.Re3 Qg5 27.Re7+ 
Kh6 28.Qd2 Rad8 29.Qxg5+ Kxg5 30.Rdd7 b5 31.Rxc7 Rd2 32.Re6 h4 33.Rc5+ f5 
34.Rcc6 Rg8 35.b4 Rd4 36.c3 Rd3 37.Kf2 h3 38.Bf1 h2 39.Bg2 Rd1 40.Re1 Rxe1
41.Kxe1 Rh8 42.Bh1 Rh3 43.Kf2 Rd3 44.Rxa6 Rxc3 45.Rc6 Rd3 46.Rc2 Rd4 47.a3
Rg4 48.Kf3 Rh4 49.Kg2 Kg4 50.a4 bxa4 51.b5 Kg5 52.Rb2 a3 53.Ra2 Rb4 54.
Rxa3 Rxb5 55.Kxh2 Rb4 56.Rg3+ Kf6 57.Rc3 g5 58.Kg3 Rg4+ 59.Kf3 Rb4 60.Kg3 
Rg4+ 61.Kf3 Rb4 62.Kg3 Rg4+ 1/2-1/2

[Event "6th EUR-ch (w)"]
[Site "Chisinau MDA"]
[Date "2005.06.11"]
[Round "1"]
[White "Baskite, Viktoria"]
[Black "Hagarova, Zuzana"]
[Result "0-1"]
[WhiteElo "2205"]
[BlackElo "2386"]
[EventDate "2005.06.10"]
[PlyCount "74"]

1.c4 Nf6 2.Nc3 c5 3.g3 g6 4.Bg2 Bg7 5.Nf3 O-O 6.O-O Nc6 7.d4 cxd4 8.Nxd4 
Ng4 9.e3 d6 10.Nxc6 bxc6 11.Bxc6 Rb8 12.Qc2 Ne5 13.Bd5 e6 14.Bg2 Nxc4 15.
Rd1 Qa5 16.Na4 Na3 17.bxa3 Bxa1 18.Bd2 Qe5 19.Bb4 Rd8 20.Qc1 a5 21.f4 Qb5 
22.Bc6 Qh5 23.Bc5 Ba6 24.Ba7 Rbc8 25.Rd2 Bb5 26.Qxa1 Bxc6 27.Nb6 Rc7 28.
Qf6 Re8 29.Qc3 Qf3 30.Nd5 exd5 31.Bb6 d4 32.Qxd4 Qh1+ 33.Kf2 Qxh2+ 34.Ke1 
Qxg3+ 35.Rf2 Rce7 36.Qd2 Rxe3+ 37.Bxe3 Rxe3+ 0-1

[Event "6th EUR-ch (w)"]
[Site "Chisinau MDA"]
[Date "2005.06.11"]
[Round "1"]
[White "Collas, Silvia"]
[Black "Ivanova-Skripova, Tatiana"]
[Result "1-0"]
[WhiteElo "2381"]
[BlackElo "2205"]
[EventDate "2005.06.10"]
[PlyCount "91"]

1.Nf3 d5 2.d4 Nf6 3.c4 e6 4.Nc3 Be7 5.Bg5 O-O 6.e3 h6 7.Bh4 b6 8.Be2 Bb7 
9.Bxf6 Bxf6 10.cxd5 exd5 11.O-O Nc6 12.Qa4 a6 13.Rfd1 Re8 14.Rd2 Qd6 15.
Ne1 Bg5 16.Nf3 Bf6 17.a3 Ne7 18.Rc1 g5 19.Ne1 Ng6 20.g3 Qe6 21.Qb3 Rad8 
22.Bf3 g4 23.Bg2 h5 24.Na4 Bc6 25.Rdc2 Rd6 26.Nd3 h4 27.Nb4 Bb5 28.Rxc7 
Bc4 29.Qd1 hxg3 30.hxg3 a5 31.b3 axb4 32.bxc4 dxc4 33.axb4 Ne5 34.Nxb6 Bd8
35.Nxc4 Bxc7 36.Nxd6 Bxd6 37.dxe5 Bxe5 38.Rc6 Qf5 39.Rc4 Kf8 40.b5 Qe6 41.
Rxg4 Ke7 42.Re4 Rd8 43.Qh5 f5 44.Qg5+ Ke8 45.Ra4 Bb8 46.Bc6+ 1-0

[Event "6th EUR-ch (w)"]
[Site "Chisinau MDA"]
[Date "2005.06.11"]
[Round "1"]
[White "Meshcheriakova, Evgenia"]
[Black "Matnadze, Ana"]
[Result "1/2-1/2"]
[WhiteElo "2193"]
[BlackElo "2376"]
[EventDate "2005.06.10"]
[PlyCount "115"]

1.e4 c5 2.Nf3 d6 3.Nc3 Nc6 4.d4 cxd4 5.Nxd4 Nf6 6.Bc4 Bd7 7.O-O g6 8.Nd5 
Bg7 9.c3 Nxd5 10.Nxc6 Bxc6 11.exd5 Bd7 12.Re1 O-O 13.Bg5 Bf6 14.Bxf6 exf6 
15.Qd4 f5 16.Re3 Re8 17.Rae1 Rxe3 18.Rxe3 b5 19.Bb3 a5 20.a4 Rb8 21.Re2 
Qb6 22.Qh4 Qc5 23.h3 bxa4 24.Bxa4 Bxa4 25.Qxa4 Qxd5 26.b4 Qb5 27.Qxb5 Rxb5
28.Re8+ Kg7 29.bxa5 Rxa5 30.f4 Ra4 31.Rd8 Rxf4 32.Rxd6 h5 33.Rc6 h4 34.c4 
Kh6 35.Rf6 Rxc4 36.Rxf7 Kg5 37.Rg7 Rc6 38.Ra7 Re6 39.Kf2 Kf4 40.Ra3 Re4 
41.Rf3+ Ke5 42.Ra3 g5 43.Ra5+ Kf4 44.Ra3 Rb4 45.Rf3+ Ke5 46.Re3+ Re4 47.
Ra3 g4 48.hxg4 fxg4 49.Ra8 Rf4+ 50.Ke3 Re4+ 51.Kf2 g3+ 52.Kf3 Rf4+ 53.Ke3 
Rf2 54.Re8+ Kd5 55.Rh8 Rxg2 56.Rxh4 Ra2 57.Kf3 g2 58.Rg4 1/2-1/2

[Event "6th EUR-ch (w)"]
[Site "Chisinau MDA"]
[Date "2005.06.11"]
[Round "1"]
[White "Pokorna, Regina"]
[Black "Partac, Elena"]
[Result "1/2-1/2"]
[WhiteElo "2374"]
[BlackElo "2190"]
[EventDate "2005.06.10"]
[PlyCount "61"]

1.e4 c5 2.Nf3 Nc6 3.d4 cxd4 4.Nxd4 Nf6 5.Nc3 d6 6.Bc4 Bd7 7.O-O g6 8.Bg5 
Bg7 9.Nde2 O-O 10.Bb3 Rc8 11.Nf4 Re8 12.Re1 Na5 13.Qd3 a6 14.Rad1 Ng4 15.
Nfd5 Ne5 16.Qg3 Nec4 17.Nxe7+ Rxe7 18.Nd5 f6 19.Nxf6+ Bxf6 20.Bxf6 Qf8 21.
Bxe7 Qxe7 22.Qxd6 Qxd6 23.Rxd6 Nxb3 24.Rxd7 Nc5 25.Re7 Nxb2 26.e5 Nc4 27.
f4 h5 28.Rd1 Kf8 29.Rh7 Kg8 30.Re7 Kf8 31.Rh7 1/2-1/2

[Event "6th EUR-ch (w)"]
[Site "Chisinau MDA"]
[Date "2005.06.11"]
[Round "1"]
[White "Khudaverdieva, Afag"]
[Black "Bojkovic, Natasa"]
[Result "0-1"]
[WhiteElo "2187"]
[BlackElo "2371"]
[EventDate "2005.06.10"]
[PlyCount "42"]

1.d4 Nf6 2.c4 e6 3.Nc3 Bb4 4.Qc2 O-O 5.a3 Bxc3+ 6.Qxc3 d6 7.Bg5 Nbd7 8.e3 
b6 9.Bd3 Bb7 10.f3 c5 11.Ne2 Rc8 12.Qd2 cxd4 13.exd4 Ba6 14.Rc1 e5 15.O-O 
h6 16.Bh4 exd4 17.Ng3 Ne5 18.Nh5 Ne4 19.Qe1 Ng5 20.Be4 Ng6 21.Bf2 Bxc4 0-1

[Event "6th EUR-ch (w)"]
[Site "Chisinau MDA"]
[Date "2005.06.11"]
[Round "1"]
[White "Celuskina, Irina"]
[Black "Doibani, Lilia"]
[Result "1-0"]
[WhiteElo "2369"]
[BlackElo "2185"]
[EventDate "2005.06.10"]
[PlyCount "83"]

1.c4 e6 2.Nf3 Nf6 3.g3 d5 4.Bg2 b6 5.O-O Bb7 6.Ne5 Bd6 7.d4 O-O 8.Nc3 c6 
9.Bg5 h6 10.Bxf6 Qxf6 11.f4 Qe7 12.e4 Bxe5 13.fxe5 dxc4 14.Qe2 b5 15.Qe3 
Rd8 16.Rf2 Nd7 17.Raf1 c5 18.Rxf7 cxd4 19.Qxd4 Qc5 20.Qxc5 Nxc5 21.Nxb5 
Bxe4 22.Nd6 Bxg2 23.Kxg2 Nd3 24.Nxc4 Rd5 25.Rc7 Nxe5 26.Nxe5 Rxe5 27.Rff7 
Rd8 28.Rxg7+ Kh8 29.Rgf7 Rd2+ 30.Kf3 Kg8 31.Rg7+ Kh8 32.Rgd7 Rxd7 33.Rxd7 
Rb5 34.b3 Ra5 35.a4 Ra6 36.Ke4 Rb6 37.Rxa7 Rxb3 38.Ke5 Rf3 39.a5 Rf2 40.a6
Rxh2 41.Rb7 Ra2 42.a7 1-0

[Event "6th EUR-ch (w)"]
[Site "Chisinau MDA"]
[Date "2005.06.11"]
[Round "1"]
[White "Charochkina, Daria"]
[Black "Muzicuk, Anna"]
[Result "1/2-1/2"]
[WhiteElo "2183"]
[BlackElo "2363"]
[EventDate "2005.06.10"]
[PlyCount "50"]

1.e4 d5 2.exd5 Nf6 3.d4 Nxd5 4.Nf3 g6 5.c4 Nb6 6.c5 Nd5 7.Bc4 Bg7 8.Nc3 c6
9.O-O O-O 10.Re1 Na6 11.Bxa6 bxa6 12.Qa4 Rb8 13.Ne5 Bxe5 14.Rxe5 Nb4 15.
Bh6 Re8 16.Rd1 Bf5 17.Rd2 Qd7 18.Qd1 f6 19.Re3 Bg4 20.Qe1 Kf7 21.Bf4 Rbd8 
22.f3 Bf5 23.Qd1 Nd5 24.Qb3 Be6 25.Nxd5 Qxd5 1/2-1/2

[Event "6th EUR-ch (w)"]
[Site "Chisinau MDA"]
[Date "2005.06.11"]
[Round "1"]
[White "Ciuksyte, Dagne"]
[Black "Stiri, Alexandra"]
[Result "1/2-1/2"]
[WhiteElo "2356"]
[BlackElo "2181"]
[EventDate "2005.06.10"]
[PlyCount "114"]

1.e4 c5 2.Nf3 e6 3.d4 cxd4 4.Nxd4 a6 5.Bd3 g6 6.O-O Bg7 7.Nf3 Ne7 8.e5 O-O
9.Bf4 Nbc6 10.Nc3 f6 11.exf6 Rxf6 12.Bg5 Rf8 13.Qd2 d5 14.Rfe1 Qc7 15.Bh6 
e5 16.Nxd5 Nxd5 17.Bc4 Bxh6 18.Qxh6 Be6 19.Ng5 Qe7 20.Nxe6 Qxe6 21.Qh3 Qf7
22.Rad1 Rad8 23.Qf3 Qxf3 24.gxf3 Nd4 25.Kf1 b5 26.Bxd5+ Rxd5 27.c3 Rxf3 
28.cxd4 exd4 29.Re7 d3 30.Rd2 Rf4 31.b3 Rf6 32.Rc7 h5 33.Kg2 Re6 34.Kf1 
Kf8 35.Rc3 Red6 36.b4 Ke7 37.f3 Rd4 38.a3 Ke6 39.Kf2 R4d5 40.Ke3 Kf5 41.
Rc8 Re5+ 42.Kf2 Kf4 43.Rf8+ Rf5 44.Re8 Kg5 45.Rc8 Kh4 46.Rc3 g5 47.Kg2 Re5
48.Rcxd3 Rxd3 49.Rxd3 Re2+ 50.Kg1 Ra2 51.Re3 Kh3 52.f4+ Kg4 53.fxg5 Kxg5 
54.Rg3+ Kf4 55.Rh3 Kg4 56.Rg3+ Kf4 57.Rh3 Kg4 1/2-1/2

[Event "6th EUR-ch (w)"]
[Site "Chisinau MDA"]
[Date "2005.06.11"]
[Round "1"]
[White "Kalinina, Larisa"]
[Black "Pogonina, Natalia"]
[Result "0-1"]
[WhiteElo "2177"]
[BlackElo "2355"]
[EventDate "2005.06.10"]
[PlyCount "52"]

1.e4 c5 2.Nf3 d6 3.d4 cxd4 4.Nxd4 Nf6 5.Nc3 g6 6.Bc4 Bg7 7.h3 O-O 8.Bb3 
Nc6 9.Be3 Na5 10.O-O Nxb3 11.axb3 b6 12.Nd5 Bb7 13.Nxf6+ Bxf6 14.Qd3 d5 
15.Nb5 a6 16.Nc3 d4 17.Bh6 dxc3 18.Bxf8 Qxd3 19.cxd3 cxb2 20.Rae1 Rxf8 21.
e5 Bg7 22.Re2 Rd8 23.f4 Rxd3 24.Rxb2 e6 25.Rc1 Bf8 26.Kh2 Ba3 0-1

[Event "6th EUR-ch (w)"]
[Site "Chisinau MDA"]
[Date "2005.06.11"]
[Round "1"]
[White "Olarasu, Gabriela"]
[Black "Sarakauskiene, Zivile"]
[Result "0-1"]
[WhiteElo "2353"]
[BlackElo "2177"]
[EventDate "2005.06.10"]
[PlyCount "116"]

1.d4 d5 2.c4 dxc4 3.Nf3 Nf6 4.e3 e6 5.Bxc4 a6 6.O-O c5 7.Bb3 Nc6 8.Qe2 
cxd4 9.Rd1 Be7 10.exd4 Qc7 11.a3 O-O 12.Nc3 Rd8 13.Bg5 Qb6 14.Ba2 Nxd4 15.
Rxd4 Rxd4 16.Be3 Bc5 17.b4 Rg4 18.Bxc5 Qc6 19.Rd1 Bd7 20.Rd6 Qc7 21.Ne5 
Rg5 22.f4 Rf5 23.Qd2 Bc6 24.Rxe6 Rd8 25.Rd6 Nd7 26.Ne2 Rf6 27.Qd4 Re8 28.
Nxd7 Rxd6 29.Qxd6 Qxd6 30.Bxd6 Rxe2 31.Bc4 Rxg2+ 32.Kf1 Rd2 33.Ne5 Rxd6 
34.Nxf7 Rd4 35.Ne5+ Kf8 36.Bd3 Bb5 37.Ke2 Rxf4 38.Ke3 Rh4 39.Nf3 Rh3 40.
Be4 Bc6 41.Bxc6 bxc6 42.Kf4 Ke7 43.Kg4 Rh6 44.h4 Rd6 45.Kf4 Rd3 46.Ne5 
Rxa3 47.Nxc6+ Kd6 48.Nd4 Kd5 49.Nf5 g6 50.Ne3+ Rxe3 51.Kxe3 Kc4 52.Kf4 h6 
53.Ke5 Kxb4 54.Kf6 g5 55.h5 g4 56.Kg6 g3 57.Kxh6 g2 58.Kg7 a5 0-1

[Event "6th EUR-ch (w)"]
[Site "Chisinau MDA"]
[Date "2005.06.11"]
[Round "1"]
[White "Iodo, Anna"]
[Black "Ushenina, Anna"]
[Result "0-1"]
[WhiteElo "2176"]
[BlackElo "2350"]
[EventDate "2005.06.10"]
[PlyCount "62"]

1.e4 c5 2.c3 Nf6 3.e5 Nd5 4.d4 cxd4 5.Nf3 Nc6 6.Bc4 e6 7.cxd4 d6 8.O-O Be7
9.Qe2 O-O 10.Nc3 dxe5 11.dxe5 Nxc3 12.bxc3 Qa5 13.Bd2 Rd8 14.Rab1 Rb8 15.
Rfd1 Bd7 16.Qe4 Be8 17.Bd3 g6 18.c4 Qxa2 19.Bc3 Qa3 20.Rdc1 a6 21.Nd2 Rd7 
22.Nb3 Nb4 23.Be2 Na2 24.Rc2 Nxc3 25.Rxc3 Qb4 26.Rh3 a5 27.Qe3 Bf8 28.Ra1 
a4 29.Nd4 Qb2 30.Rd1 Rbd8 31.Rh4 a3 0-1

[Event "6th EUR-ch (w)"]
[Site "Chisinau MDA"]
[Date "2005.06.11"]
[Round "1"]
[White "Stepovaya, Tatiana"]
[Black "Golubenko, Valentina"]
[Result "1-0"]
[WhiteElo "2348"]
[BlackElo "2171"]
[EventDate "2005.06.10"]
[PlyCount "71"]

1.e4 c5 2.Nc3 Nc6 3.g3 g6 4.d3 Bg7 5.Be3 d6 6.Qd2 Rb8 7.Bg2 b5 8.Nge2 b4 
9.Nd1 Nd4 10.O-O e6 11.Nc1 Ne7 12.c3 bxc3 13.bxc3 Nec6 14.f4 O-O 15.Ne2 
Qa5 16.g4 f5 17.gxf5 exf5 18.Ng3 Bd7 19.Rc1 Qa3 20.Rf2 Na5 21.h3 Rb6 22.
Kh2 Be6 23.Re2 Bd7 24.Bf2 Ba4 25.exf5 Nxf5 26.Nxf5 Rxf5 27.Ne3 Rf8 28.Nd5 
Rbb8 29.Bg3 Rfe8 30.Rce1 Rxe2 31.Rxe2 Nc6 32.f5 Be5 33.fxg6 hxg6 34.Qg5 
Kh7 35.Bxe5 dxe5 36.Be4 1-0

[Event "6th EUR-ch (w)"]
[Site "Chisinau MDA"]
[Date "2005.06.11"]
[Round "1"]
[White "Van Weersel, Arlette"]
[Black "Petrenko, Svetlana"]
[Result "0-1"]
[WhiteElo "2158"]
[BlackElo "2348"]
[EventDate "2005.06.10"]
[PlyCount "38"]

1.e4 c5 2.c4 Nc6 3.Ne2 g6 4.d4 cxd4 5.Nxd4 Bg7 6.Be3 Nf6 7.Nc3 O-O 8.Nb3 
d6 9.Be2 Be6 10.f3 Nd7 11.Rc1 Nb6 12.Nd2 f5 13.c5 dxc5 14.Bxc5 Bh6 15.Ra1 
Nd4 16.Bd3 Rc8 17.Ba3 Nc6 18.Qe2 Ne5 19.Bc2 Bxd2+ 0-1

[Event "6th EUR-ch (w)"]
[Site "Chisinau MDA"]
[Date "2005.06.11"]
[Round "1"]
[White "Padurariu, Ioana-Smaranda"]
[Black "Demina, Yulia"]
[Result "1-0"]
[WhiteElo "2153"]
[BlackElo "2346"]
[EventDate "2005.06.10"]
[PlyCount "155"]

1.d4 d5 2.Nf3 Nf6 3.Bg5 e6 4.e3 Be7 5.Nbd2 c5 6.c3 Qc7 7.Be2 Nbd7 8.h4 h6 
9.Bf4 Bd6 10.Bxd6 Qxd6 11.Qc2 cxd4 12.cxd4 a6 13.Rc1 O-O 14.O-O Rd8 15.Qc7
Qxc7 16.Rxc7 Ne8 17.Rc2 b6 18.Ne5 Nxe5 19.dxe5 Bb7 20.Nb3 Rac8 21.Rxc8 
Rxc8 22.Nd4 Rc7 23.f4 Re7 24.Bd3 h5 25.Kf2 g6 26.Rg1 Rc7 27.g4 hxg4 28.
Rxg4 Ng7 29.Rg1 Kf8 30.Rh1 Ke7 31.a3 Rc8 32.Kg3 Nh5+ 33.Kh3 Ng7 34.Kg4 Rh8
35.Rc1 Kd7 36.b4 Rc8 37.Rxc8 Bxc8 38.Kg5 Ke8 39.Be2 Bb7 40.h5 gxh5 41.Bxh5
Ke7 42.Bg4 Ba8 43.Bd1 Ne8 44.Ba4 b5 45.Bc2 Nc7 46.Bd3 Bb7 47.Nb3 Bc6 48.
Nc5 Be8 49.Be2 Bc6 50.Kh6 f6 51.Kg7 fxe5 52.fxe5 Be8 53.Bg4 Bc6 54.Bh5 Ba8
55.Nd3 Bc6 56.Nf4 Be8 57.Bg6 Bd7 58.Bf7 Na8 59.Ng6+ Kd8 60.Kf6 Nb6 61.Bxe6
Nc4 62.Bxd7 Kxd7 63.Kf7 Kc7 64.e6 Nxe3 65.e7 Nf5 66.e8=Q Nd6+ 67.Ke7 Nxe8 
68.Kxe8 Kd6 69.Kd8 d4 70.Nf4 Ke5 71.Nd3+ Ke4 72.Nc5+ Kd5 73.Kc7 a5 74.bxa5
Kxc5 75.a6 d3 76.a7 d2 77.a8=Q d1=Q 78.Qc6+ 1-0

[Event "6th EUR-ch (w)"]
[Site "Chisinau MDA"]
[Date "2005.06.11"]
[Round "1"]
[White "Zdebskaya, Natalia"]
[Black "Butuc, Maria"]
[Result "1-0"]
[WhiteElo "2344"]
[BlackElo "2147"]
[EventDate "2005.06.10"]
[PlyCount "69"]

1.e4 c5 2.Nf3 e6 3.d4 cxd4 4.Nxd4 Nf6 5.Nc3 Nc6 6.Ndb5 Bb4 7.a3 Bxc3+ 8.
Nxc3 d5 9.exd5 exd5 10.Bd3 O-O 11.O-O d4 12.Ne2 Re8 13.Bg5 Re5 14.Bf4 Rd5 
15.Ng3 Ne5 16.Bxe5 Rxe5 17.Qd2 Be6 18.Ne2 Rd5 19.Nf4 Rd6 20.Rae1 Qd7 21.
Nxe6 fxe6 22.Bc4 Rc8 23.Bb3 Kf7 24.f4 Kf8 25.Qb4 a5 26.Qxa5 Nd5 27.Rf3 b6 
28.Qd2 Ne3 29.Qd3 g6 30.Qe4 b5 31.Qe5 Kf7 32.f5 gxf5 33.Rexe3 dxe3 34.
Qxf5+ Kg8 35.Rg3+ 1-0

[Event "6th EUR-ch (w)"]
[Site "Chisinau MDA"]
[Date "2005.06.11"]
[Round "1"]
[White "Ankerst, Milka"]
[Black "Zozulia, Anna"]
[Result "0-1"]
[WhiteElo "2124"]
[BlackElo "2343"]
[EventDate "2005.06.10"]
[PlyCount "82"]

1.e4 g6 2.d4 Bg7 3.Nc3 d6 4.f4 Nf6 5.Nf3 O-O 6.Bd3 Na6 7.e5 Ne8 8.Be3 c6 
9.Ng5 Nb4 10.O-O Nxd3 11.cxd3 h6 12.Nf3 Nc7 13.Nh4 Kh7 14.Ne4 Nd5 15.Qe2 
Qb6 16.Rae1 Bd7 17.Kh1 dxe5 18.Nc5 Rad8 19.dxe5 Nxe3 20.Qxe3 Bc8 21.Rf2 
Qb4 22.Rc1 Qd4 23.Qxd4 Rxd4 24.Rc4 Rxc4 25.dxc4 Rd8 26.h3 Rd4 27.b3 b6 28.
Na4 g5 29.Nf3 Rxf4 30.Rd2 Bxh3 31.Nxg5+ hxg5 32.gxh3 Bxe5 33.Rd7 Bd4 34.b4
Rf1+ 35.Kg2 Rf2+ 36.Kg3 Rxa2 37.Rxd4 Rxa4 38.Rd7 Rxb4 39.Rxe7 Kg6 40.c5 
Rb3+ 41.Kg2 Rc3 0-1

[Event "6th EUR-ch (w)"]
[Site "Chisinau MDA"]
[Date "2005.06.11"]
[Round "1"]
[White "Houska, Jovanka"]
[Black "Vasilieva, Maria"]
[Result "1-0"]
[WhiteElo "2334"]
[BlackElo "2124"]
[EventDate "2005.06.10"]
[PlyCount "61"]

1.e4 d5 2.exd5 Qxd5 3.Nc3 Qa5 4.Bc4 Nf6 5.d3 c6 6.Bd2 Qc7 7.Qe2 Bf5 8.h3 
Nbd7 9.g4 Bg6 10.f4 h6 11.O-O-O Nb6 12.Bb3 Nfd5 13.f5 Bh7 14.Nf3 O-O-O 15.
Rde1 Bg8 16.Qe5 Qd7 17.Nxd5 Nxd5 18.c4 Nc7 19.Qa5 f6 20.Qxa7 Qxd3 21.Re3 
Qd7 22.Rd1 e5 23.fxe6 Qe7 24.Bc2 Qc5 25.Qa4 Bd6 26.Bf5 Kb8 27.Re4 Be7 28.
Be3 Rxd1+ 29.Qxd1 Qa5 30.Qd7 Qb4 31.c5 1-0